000 00992nam a22001577a 4500
999 _c524423
_d524423
008 231114b ||||| |||| 00| 0 eng d
100 _aMital, Raman
_946052
245 _aUsing other proprietor’s trade mark: An analysis of the principle of fair use in trade mark law in India
260 _aJournal of the Indian Law Institute
300 _a 64(3), Jul-Sep, 2023: p.261-280
520 _aSection 30 of the trade marks act, provide various exception in which a regained trade mark could be legitimate used by persons under than the proprietor of the trade mark without infringement of the right of the proprietor of the trade mark. This paper analysis all these ‘fare use’ situations and seeks to determine the exact scope of the exceptions which in turn help determine the ambit of the rights of the proprietor of trade mark. – Reproduced
650 _aTrade mark law
_946053
773 _aJournal of the Indian Law Institute
906 _aTRADE MARK LAW
942 _cAR